Close & Personal With The Gurus of Bandish-Ustad Rashid Khan (Record no. 20005)

MARC details
000 -LEADER
fixed length control field 01665ngm a2200373 4500
003 - CONTROL NUMBER IDENTIFIER
control field dpl
005 - DATE AND TIME OF LATEST TRANSACTION
control field 20081217115649.0
007 - PHYSICAL DESCRIPTION FIXED FIELD--GENERAL INFORMATION
fixed length control field DVD
008 - FIXED-LENGTH DATA ELEMENTS--GENERAL INFORMATION
fixed length control field ||||||sp199 xxu|||||c ||| 00| 0 ng d
010 ## - LIBRARY OF CONGRESS CONTROL NUMBER
LC control number DVD-001545-1547
024 ## - OTHER STANDARD IDENTIFIER
Standard number or code SHE-DVD-434
Terms of availability 499.00
035 ## - SYSTEM CONTROL NUMBER
System control number DVD-001545-1547
040 ## - CATALOGING SOURCE
Original cataloging agency DPL
Transcribing agency DPL
082 ## - DEWEY DECIMAL CLASSIFICATION NUMBER
Classification number DVD / CLOS
245 ## - TITLE STATEMENT
Title Close & Personal With The Gurus of Bandish-Ustad Rashid Khan
Statement of responsibility, etc Arjoe Entertainment Presents
Medium [videorecording] DVD/
260 ## - PUBLICATION, DISTRIBUTION, ETC. (IMPRINT)
Name of publisher, distributor, etc Shemaroo Home Entertainment
300 ## - PHYSICAL DESCRIPTION
Extent 1 videodisc DVD; (165 min.)
Other physical details sd., col. ;
Dimensions 4 3/4 in.
Type of unit DVD
440 ## - SERIES STATEMENT/ADDED ENTRY--TITLE
Title Shemaroo Home Entertainment
500 ## - GENERAL NOTE
General note First Time For Classical Music
538 ## - SYSTEM DETAILS NOTE
System details note Dolby Digital 5.1 - Hindi Subtitles: English
538 ## - SYSTEM DETAILS NOTE
System details note NTSC Format-All Regions, 16x9 Anamorphic (2:23.1 Aspect Ratio), Dual Layer
650 ## - SUBJECT ADDED ENTRY--TOPICAL TERM
Topical term or geographic name as entry element Motion Picture
700 ## - ADDED ENTRY--PERSONAL NAME
Personal name Battacherjee, Arya
700 ## - ADDED ENTRY--PERSONAL NAME
Personal name Mukherjee, Arindam
700 ## - ADDED ENTRY--PERSONAL NAME
Personal name Samar Saha
700 ## - ADDED ENTRY--PERSONAL NAME
Personal name Nayak, Sudhir
700 ## - ADDED ENTRY--PERSONAL NAME
Personal name Bose, Soumya
700 ## - ADDED ENTRY--PERSONAL NAME
Personal name Khapade, Prasad
942 ## - ADDED ENTRY ELEMENTS (KOHA)
Koha item type CD-ROMs, DVDs, VHS
Source of classification or shelving scheme Dewey Decimal Classification
Classification part DVD
Call number suffix CLOS
Holdings
Withdrawn status Lost status Source of classification or shelving scheme Damaged status Not for loan Home library Current library Date acquired Source of acquisition Cost, normal purchase price Total Checkouts Full call number Barcode Date last seen Date checked out Copy number Cost, replacement price Price effective from Koha item type
    Dewey Decimal Classification     Central Library Central Library 17/12/2008 Purchase 499.00 12 DVD CLOS DVD-001545 14/07/2014 11/07/2014 1 499.00 17/12/2008 CD-ROMs, DVDs, VHS
    Dewey Decimal Classification     Patel Nagar Patel Nagar 17/12/2008 Purchase 499.00 2 DVD CLOS DVD-001547 17/12/2011 15/03/2011 1 499.00 17/12/2008 CD-ROMs, DVDs, VHS
    Dewey Decimal Classification     Sarojini Nagar Sarojini Nagar 17/12/2008 Purchase 499.00 5 DVD CLOS DVD-001546 13/08/2013 30/07/2013 1 499.00 17/12/2008 CD-ROMs, DVDs, VHS

© Delhi Public Library
Hit Counter
free hit counter